000 00475nam a2200169 i 4500
001 91415
003 ES-MaACL
005 20230906180721.0
007 t|
008 050131s1934 fr ||||1| fre d
100 1 _aLevine, B.
_971974
245 1 3 _aIl était deux camerades /
_cB. Levine ; traduit du russe par Claude des Periers.
260 _aParis :
_bPlon,
_c1934.
300 _a252 p. ;
_c19 cm.
700 1 _aPériers, Claude des.
_991268
852 _aES-MaACL
_jA-2763
999 _c91415
_d91415